00572nmm a2200181Ia 4500008004100000020001800041041000800059100002400067245006500091264008000156300001600236650001700252700002400269700002200293856005100315942000700366999001700373251105s9999||||xx |||||||||||||||||und|| a9788490000526 aspa aLabrecque, Jennifer 0aUn corazón en la línea de fuego/Pasión a primera vista a[Madrid, España] :bHarlequin, c[Fecha de publicación no identificada] a0 páginas aErotic novel aLabrecque, Jennifer1 a Schuler, Candace uhttps://public.digitaliapublishing.com/a/96066 cCF c67579d67579